<?xml version="1.0" encoding="UTF-8"?>
<record
    xmlns:xsi="http://www.w3.org/2001/XMLSchema-instance"
    xsi:schemaLocation="http://www.loc.gov/MARC21/slim http://www.loc.gov/standards/marcxml/schema/MARC21slim.xsd"
    xmlns="http://www.loc.gov/MARC21/slim">

  <leader>00660nam a22001577a 4500</leader>
  <controlfield tag="003">OSt</controlfield>
  <controlfield tag="005">20151006155906.0</controlfield>
  <controlfield tag="008">151006b        xxu||||| |||| 00| 0 eng d</controlfield>
  <datafield tag="040" ind1=" " ind2=" ">
    <subfield code="c">RUA</subfield>
  </datafield>
  <datafield tag="082" ind1=" " ind2=" ">
    <subfield code="a">AVM HEN 1997 B070 Or.1</subfield>
  </datafield>
  <datafield tag="100" ind1=" " ind2=" ">
    <subfield code="9">2205</subfield>
    <subfield code="a">HENG, KING.</subfield>
  </datafield>
  <datafield tag="245" ind1=" " ind2=" ">
    <subfield code="a">Sow and piglet raising at the pig atation of R.U.A, &#x1780;&#x17B6;&#x179A;&#x1785;&#x17B7;&#x1789;&#x17D2;&#x1785;&#x17B9;&#x1798;&#x1798;&#x17C1;&#x1787;&#x17D2;&#x179A;&#x17BC;&#x1780;&#x1795;&#x17BE;&#x1798; &#x1793;&#x17B7;&#x1784;&#x1780;&#x17BC;&#x1793;&#x1787;&#x17D2;&#x179A;&#x17BC;&#x1780; &#x1793;&#x17C5;&#x179F;&#x17D2;&#x1790;&#x17B6;&#x1793;&#x17B8;&#x1799;&#x17CD;&#x1785;&#x17B7;&#x1789;&#x17D2;&#x1785;&#x17B9;&#x1798;&#x1787;&#x17D2;&#x179A;&#x17BC;&#x1780; &#x1793;&#x17C3;&#x179F;&#x17B6;&#x1780;&#x179B;&#x179C;&#x17B8;&#x1791;&#x17D2;&#x1799;&#x17B6;&#x179B;&#x17D0;&#x1799;&#x1797;&#x17BC;&#x1798;&#x17B7;&#x1793;&#x17D2;&#x1792;&#x1780;&#x179F;&#x17B7;&#x1780;&#x1798;&#x17D2;&#x1798;.</subfield>
  </datafield>
  <datafield tag="260" ind1=" " ind2=" ">
    <subfield code="a">phnom phen</subfield>
    <subfield code="b">RUA</subfield>
    <subfield code="c">1997</subfield>
  </datafield>
  <datafield tag="300" ind1=" " ind2=" ">
    <subfield code="a">59p.</subfield>
    <subfield code="b">ill.</subfield>
    <subfield code="c">29cm.</subfield>
  </datafield>
  <datafield tag="942" ind1=" " ind2=" ">
    <subfield code="2">ddc</subfield>
    <subfield code="c">AVM</subfield>
  </datafield>
  <datafield tag="999" ind1=" " ind2=" ">
    <subfield code="c">2076</subfield>
    <subfield code="d">2076</subfield>
  </datafield>
  <datafield tag="952" ind1=" " ind2=" ">
    <subfield code="0">0</subfield>
    <subfield code="1">0</subfield>
    <subfield code="2">ddc</subfield>
    <subfield code="4">0</subfield>
    <subfield code="6">AVM_HEN_1997_000000000000000_B070_OR_1</subfield>
    <subfield code="7">0</subfield>
    <subfield code="9">8546</subfield>
    <subfield code="a">LBB</subfield>
    <subfield code="b">LBB</subfield>
    <subfield code="c">B070</subfield>
    <subfield code="d">2015-10-06</subfield>
    <subfield code="l">2</subfield>
    <subfield code="o">AVM HEN 1997 B070 Or.1</subfield>
    <subfield code="p">rua006831</subfield>
    <subfield code="r">2018-12-14</subfield>
    <subfield code="s">2018-11-26</subfield>
    <subfield code="w">2015-10-06</subfield>
    <subfield code="y">AVM</subfield>
  </datafield>
</record>
